US Counties over 250,000 - Statistics

General Stats
  • This quiz has been taken 1,085 times
    271 since last reset
  • The average score is 126 of 273
Answer Stats
Population State County % Correct
10,014,009 CA Los Angeles
90%
3,186,989 CA Orange
85%
1,429,908 FL Orange
85%
401,310 NY Orange
85%
2,613,539 TX Dallas
81%
5,275,541 IL Cook
78%
3,298,634 CA San Diego
77%
600,811 OR Washington
76%
267,568 MN Washington
76%
2,701,767 FL Miami-Dade
74%
2,405,464 NY Queens
74%
782,969 KY Jefferson
73%
674,721 AL Jefferson
73%
582,910 CO Jefferson
73%
440,781 LA Jefferson
73%
256,526 TX Jefferson
73%
873,965 CA San Francisco
73%
715,522 CO Denver
72%
2,269,675 WA King
72%
1,694,251 NY New York
71%
2,265,461 NV Clark
70%
503,311 WA Clark
70%
4,731,145 TX Harris
70%
1,603,797 PA Philadelphia
69%
1,185,238 UT Salt Lake
69%
2,181,654 CA San Bernardino
69%
717,204 MO Jackson
68%
4,420,568 AZ Maricopa
68%
1,062,061 MD Montgomery
68%
856,553 PA Montgomery
68%
620,443 TX Montgomery
68%
537,309 OH Montgomery
68%
1,585,055 CA Sacramento
68%
954,236 NY Erie
67%
270,876 PA Erie
67%
2,736,074 NY Kings
67%
865,657 TX El Paso
66%
730,395 CO El Paso
66%
1,008,654 CA Fresno
66%
1,525,920 NY Suffolk
66%
797,936 MA Suffolk
66%
1,793,561 MI Wayne
66%
2,418,185 CA Riverside
65%
1,004,125 MO Saint Louis
65%
494,967 ID Ada
64%
1,472,654 NY Bronx
64%
854,535 MD Baltimore
63%
1,323,807 OH Franklin
63%
714,342 IL Lake
63%
498,700 IN Lake
63%
383,956 FL Lake
63%
1,250,578 PA Allegheny
62%
1,066,710 GA Fulton
62%
759,443 NY Monroe
62%
495,747 NY Richmond
62%
519,572 CO Adams
60%
830,639 OH Hamilton
60%
366,207 TN Hamilton
60%
347,467 IN Hamilton
60%
1,016,508 HI Honolulu
60%
388,153 AL Madison
60%
264,776 IL Madison
60%
939,489 WI Milwaukee
60%
796,292 OK Oklahoma
60%
669,279 OK Tulsa
60%
1,632,002 MA Middlesex
59%
863,162 NJ Middlesex
59%
609,863 KS Johnson
58%
1,395,774 NY Nassau
58%
1,936,259 CA Santa Clara
58%
696,355 IL Will
58%
1,682,353 CA Alameda
57%
2,009,324 TX Bexar
57%
1,264,817 OH Cuyahoga
57%
863,728 NJ Essex
57%
809,829 MA Essex
57%
760,822 FL Lee
57%
725,981 MA Norfolk
57%
725,046 FL Polk
57%
492,401 IA Polk
57%
660,741 RI Providence
57%
408,235 SC Charleston
56%
1,150,309 VA Fairfax
56%
899,498 CT Hartford
56%
1,274,395 MI Oakland
56%
1,004,456 NY Westchester
56%
456,438 PA York
56%
282,090 SC York
56%
314,848 NY Albany
55%
1,944,375 FL Broward
55%
1,281,565 MN Hennepin
55%
1,459,762 FL Hillsborough
55%
422,937 NH Hillsborough
55%
1,043,433 AZ Pima
55%
2,110,640 TX Tarrant
55%
843,843 CA Ventura
55%
1,290,188 TX Travis
54%
909,235 CA Kern
52%
448,229 CA Santa Barbara
52%
539,339 WA Spokane
52%
977,203 IN Marion
51%
375,908 FL Marion
51%
347,119 OR Marion
51%
1,115,482 NC Mecklenburg
51%
862,111 MA Worcester
51%
1,165,927 CA Contra Costa
50%
995,567 FL Duval
50%
637,229 NJ Ocean
50%
1,492,191 FL Palm Beach
50%
959,107 FL Pinellas
50%
1,129,410 NC Wake
50%
1,064,465 TX Collin
49%
724,854 NJ Hudson
49%
657,974 MI Kent
49%
552,984 PA Lancaster
49%
322,608 NE Lancaster
49%
864,835 CT New Haven
49%
383,997 LA Orleans
49%
715,884 TN Davidson
48%
764,382 GA DeKalb
48%
576,830 PA Delaware
48%
955,732 NJ Bergen
47%
906,422 TX Denton
47%
932,877 IL DuPage
47%
478,971 TN Knox
47%
646,538 PA Bucks
46%
534,413 PA Chester
46%
929,744 TN Shelby
46%
766,149 GA Cobb
45%
957,419 CT Fairfield
45%
881,217 MI Macomb
45%
570,519 DE New Castle
45%
921,130 WA Pierce
45%
764,442 CA San Mateo
45%
665,665 UT Utah
45%
274,534 NJ Atlantic
44%
253,335 MO Clay
44%
324,833 NC Durham
44%
310,639 TX Lubbock
44%
414,809 AL Mobile
44%
967,201 MD Prince George's
44%
575,345 NJ Union
44%
676,444 NM Bernalillo
43%
330,758 CO Boulder
43%
268,740 WI Brown
43%
523,485 NJ Camden
43%
957,062 GA Gwinnett
43%
425,264 AZ Pinal
43%
779,233 CA San Joaquin
43%
428,849 PA Berks
42%
561,504 WI Dane
42%
584,526 NE Douglas
42%
357,978 CO Douglas
42%
322,570 KY Fayette
42%
262,231 CA Marin
42%
270,861 CA Santa Cruz
42%
488,863 CA Sonoma
42%
486,492 NV Washoe
42%
803,377 OR Multnomah
41%
291,247 AK Anchorage
40%
655,070 CO Arapahoe
39%
606,612 FL Brevard
39%
334,508 NC Cumberland
39%
303,069 ME Cumberland
39%
259,469 PA Cumberland
39%
822,779 TX Fort Bend
39%
525,534 SC Greenville
39%
282,424 CA San Luis Obispo
39%
588,261 MD Anne Arundel
38%
362,679 UT Davis
38%
350,682 TX Galveston
38%
870,781 TX Hidalgo
38%
281,202 CA Merced
38%
552,352 MN Ramsey
38%
609,017 TX Williamson
38%
298,915 MO Greene
37%
439,035 CA Monterey
37%
530,819 MA Plymouth
37%
399,125 AR Pulaski
37%
434,006 FL Sarasota
37%
827,957 WA Snohomish
37%
456,781 LA East Baton Rouge
36%
643,615 NJ Monmouth
36%
388,656 FL Osceola
36%
524,118 NJ Passaic
36%
482,204 VA Prince William
36%
473,117 CA Tulare
36%
293,991 SC Lexington
35%
470,856 FL Seminole
35%
406,978 WI Waukesha
35%
295,528 OK Cleveland
34%
382,590 NC Forsyth
34%
251,283 GA Forsyth
34%
374,557 PA Lehigh
34%
431,279 OH Lucas
34%
540,428 OH Summit
34%
553,543 FL Volusia
34%
385,410 IN Allen
33%
295,911 NY Dutchess
33%
329,226 FL Saint Lucie
33%
453,491 CA Solano
33%
579,200 MA Bristol
32%
266,620 GA Cherokee
32%
422,537 OR Clackamas
32%
321,905 FL Escambia
32%
271,717 MD Frederick
32%
516,522 IL Kane
32%
387,340 NJ Mercer
32%
509,285 NJ Morris
32%
561,691 FL Pasco
32%
416,147 SC Richland
32%
370,647 TX Bell
31%
421,017 TX Cameron
31%
297,595 GA Clayton
31%
286,401 PA Dauphin
31%
292,198 FL Leon
31%
383,189 OR Lane
30%
420,959 VA Loudoun
30%
476,516 NY Onondaga
30%
345,361 NJ Somerset
30%
327,997 SC Spartanburg
30%
552,878 CA Stanislaus
30%
267,114 TX Webb
30%
328,981 CO Weld
30%
390,357 OH Butler
29%
439,882 MN Dakota
29%
334,389 VA Henrico
29%
325,594 PA Luzerne
29%
268,555 CT New London
29%
338,329 NY Rockland
29%
375,752 FL Collier
28%
302,294 NJ Gloucester
28%
541,299 NC Guilford
28%
334,529 MD Howard
28%
399,710 FL Manatee
28%
404,739 CA Placer
28%
523,824 KS Sedgwick
28%
364,663 PA Westmoreland
28%
363,887 MN Anoka
27%
465,825 MA Hampden
27%
312,964 OH Lorain
27%
312,951 PA Northampton
27%
257,400 IL Saint Clair
27%
372,258 MI Washtenaw
27%
256,728 WA Yakima
27%
284,333 AR Benton
26%
461,860 NJ Burlington
26%
295,291 GA Chatham
26%
284,900 MI Ingham
26%
261,670 MI Kalamazoo
26%
359,066 CO Larimer
26%
405,262 MO Saint Charles
26%
278,468 FL Alachua
25%
364,648 VA Chesterfield
25%
406,211 MI Genesee
25%
353,178 TX Nueces
25%
374,853 OH Stark
25%
294,793 WA Thurston
25%
296,200 MI Ottawa
24%
273,425 FL Saint Johns
24%
372,031 TX Brazoria
23%
310,229 IL McHenry
23%
314,176 NH Rockingham
23%
272,912 IN Saint Joseph
23%
351,029 SC Horry
22%
269,452 NC Buncombe
21%
260,924 MD Harford
21%
260,579 TX McLennan
21%
275,611 WA Kitsap
20%
262,223 UT Weber
20%
341,486 TN Rutherford
19%
285,350 IL Winnebago
18%
264,570 LA Saint Tammany
16%
No matching quizzes found
Score Distribution
Percent of People with Each Score
Percentile by Number Answered
Your Score History
You have not taken this quiz since the last reset